000 00948cab a22002175a 4500
001 L158679
008 150611e20150530xxk 000 0 eng d
035 _a(Sirsi) u158679
041 0 _aeng
100 1 _aKapoor, Chhavie
245 0 0 _aGuidance needed to avoid costly disputes.
260 _c2015
490 _aEstates Gazette
_v(1521) 30 May 2015, 73(1)
520 _aLooks at the legal position on solar panels and discusses whether a specifed solar panel can acquire a prescriptive right to receive light through 20 years' long use? Notes that there is no case law that considers whether solar panels which recieve light from adjoining land can acquire a prescriptive right to receive light through 20 years use and argues that judicial guidance is now needed to determine this issue.
590 _aKA
651 4 _aUnited Kingdom
690 _aRights of light
_96267
690 _aEnergy
_96237
700 1 _aReading, M.
942 _n0
999 _c84658
_d84658